La modernización del canal y la cooperación global en el siglo XXI
Gorde:
| Erakunde egilea: | |
|---|---|
| Formatua: | Texto |
| Argitaratua: |
Panamá:
Universidad de Panamá
|
| Etiketak: |
Etiketa erantsi
Etiketarik gabe, Izan zaitez lehena erregistro honi etiketa jartzen!
|
MARC
| LEADER | 00000 a a2200000 04500 | ||
|---|---|---|---|
| 001 | 22788 | ||
| 003 | |||
| 040 | |||
| 090 | |a 156500 | ||
| 110 | |a Universidad de Panamá. Instituto del Canal | ||
| 245 | |a La modernización del canal y la cooperación global en el siglo XXI | ||
| 260 | |a Panamá: |b Universidad de Panamá | ||
| 300 | |a 13 p. | ||
| 999 | |c 15802 |d 15802 | ||
